000
00335nam a2200145Ia 4500
008
150201s2007 xx 000 0 und d
082
_a
612
_b
P07K
100
_a
KOEPPEN, B.M.
245
_a
PENAL PHYSIOLOGY
250
_a
4TH
260
_b
ELSEVIER
_a
DELHI
_c
2007
300
_a
1-228
650
_a
HUMAN PHYSIOLOGY
942
_2
ddc
_c
BK
_0
3
999
_c
1266
_d
1266